Voyage de l'oeil

Salvato in:
Dettagli Bibliografici
Autore principale: Taillandier, Yvon
Natura: Libro
Lingua:Undetermined
Pubblicazione: París, Francia Clamann-Lévy 1960
Soggetti:
Tags: Aggiungi Tag
Nessun Tag, puoi essere il primo ad aggiungerne!!

MARC

LEADER 00000nam a2200000Ia 4500
008 170316s9999 xx 000 0 und d
040 |a cru BVZT 
090 |a 840 T-1v 
100 |a Taillandier, Yvon 
245 |a Voyage de l'oeil 
260 |a París, Francia 
260 |b Clamann-Lévy 
260 |c 1960 
300 |a 232 páginas 
650 |a LITERATURA FRANCESA 
999 |c 8026  |d 8026 
942 |c 15 D  |h 840 T-1v  |2 z